=LDR 00000nam 2200000 4500 =001 NUTBA000000000002721 =990 ##$$a 21402124 =005 20250428111954 =990 ##$$a 21402122 =035 ##$$a 0010-061400000000664 =990 ##$$a 21402123 =008 250428###########################0###### =990 ##$$a 21402125 =020 ##$$a 979-9415-88-8 =990 ##$$a 21402126 =082 ##$$a 028.5 =090 ##$$a 028.5 $b Dya d =100 ##$$a Dyah Amiyah Lindayani =245 1#$$a Dibalik manisnya tape bondowoso /$c Amiyah Lindayani =250 ##$$a Cet. 3 =260 ##$$a Surabaya :$b Sic,,$c 2012 =300 ##$$a iv, 60 hlm. : $b ilus ; $c 20 x 14 cm =650 #4$$a Bacaan anak-anak =084 ##$$a 028.5 DYA d =990 ##$$a 21402122 =990 ##$$a 21402123 =990 ##$$a 21402124 =990 ##$$a 21402125 =990 ##$$a 21402126